000 01484nam2a22002771 4500
001 rc\3553050
005 20260406083439.0
021 _aRU
_b[73-6307]
035 _a(NLR Aleph) 007678024
090 _a6507326
_c6507326
100 _a20130115d1972 |||y0rusy50 ca
101 0 _arus
102 _aRU
105 _ay z |||||
200 0 _aВып. 1
_f[Сост. профессора Ф.А. Коган-Бернштейн и М.Т. Панченкова]
210 _d1972
_aБ. м.
215 _a83 с.
461 0 _1001rc\3553049
_12001#$aВопросы историографии в курсах всеобщей истории$eУчеб. пособие для заочников$eВып. 1-$fМ-во высш. и сред. спец. образования РСФСР. Моск. гос. ист.-арх. ин-т$vВып. 1
_96507319
_cМосква
_d1972-
_fМ-во высш. и сред. спец. образования РСФСР. Моск. гос. ист.-арх. ин-т
_nБ. и.
_oУчеб. пособие для заочников : Вып. 1-
_tВопросы историографии в курсах всеобщей истории
_vВып. 1
702 1 _4220
_7ca
_8rus
_aКоган-Бернштейн
_bФ. А.
_f1899-1976
_gФаина Абрамовна
_3RU\NLR\AUTH\770278193
_92650160
702 1 _aПанченкова
_bМ.Т.
_4220
801 0 _aRU
_bNLR
_gpsbo
801 1 _aRU
_bELAR
_2rusmarc
852 _aNLR
_j72-4/38440
942 _cBOOK
980 _aNB